Man in black / (Record no. 470)

MARC details
000 -LEADER
fixed length control field 00626nam a2200229 i 4500
001 - CONTROL NUMBER
control field 326392
003 - CONTROL NUMBER IDENTIFIER
control field GBCCL
005 - DATE AND TIME OF LATEST TRANSACTION
control field 20241126110339.0
008 - FIXED-LENGTH DATA ELEMENTS--GENERAL INFORMATION
fixed length control field 750917s1975 miuaf 000 0aeng
010 ## -
-- 75006178
020 ## - INTERNATIONAL STANDARD BOOK NUMBER
Terms of availability $6.95
040 ## - CATALOGING SOURCE
Original cataloging agency DLC
Transcribing agency DLC
Modifying agency DLC
050 00 -
-- ML420.C265
-- A3
082 00 - DEWEY DECIMAL CLASSIFICATION NUMBER
Classification number 784.092
-- B
Item number CAS
100 1# - MAIN ENTRY--PERSONAL NAME
Personal name Cash, Johnny.
245 10 - TITLE STATEMENT
Title Man in black /
Statement of responsibility, etc. Johnny Cash.
260 ## - PUBLICATION, DISTRIBUTION, ETC.
Place of publication, distribution, etc. Grand Rapids :
Name of publisher, distributor, etc. Zondervan Pub. House,
Date of publication, distribution, etc. c1975.
300 ## - PHYSICAL DESCRIPTION
Extent 244 p., [12] leaves of plates :
Other physical details ill. ;
Dimensions 23 cm.
600 10 - SUBJECT ADDED ENTRY--PERSONAL NAME
Personal name Cash, Johnny.
906 ## - LOCAL DATA ELEMENT F, LDF (RLIN)
a 7
b cbc
c orignew
d 2
e ocip
f 19
g y-gencatlg
942 ## - ADDED ENTRY ELEMENTS (KOHA)
Source of classification or shelving scheme Dewey Decimal Classification
Koha item type Books
Holdings
Withdrawn status Lost status Source of classification or shelving scheme Damaged status Not for loan Home library Current Library Shelving location Date acquired Total checkouts Full call number Barcode Date last seen Copy number Price effective from Koha item type
    Dewey Decimal Classification     GRACE BIBLE COLLEGE GRACE BIBLE COLLEGE General Studies 2016-11-02   784.092 CAS 008991 2025-05-01 c.1 2016-11-02 Books
    Dewey Decimal Classification     GRACE BIBLE COLLEGE GRACE BIBLE COLLEGE General Studies 2018-02-19   784.092 CAS 008992 2025-05-01 c.2 2018-02-19 Books
    Dewey Decimal Classification     GRACE BIBLE COLLEGE GRACE BIBLE COLLEGE General Studies 2018-05-02   784.092 CAS 008993 2025-05-01 c.3 2018-05-02 Books
© Grace Bible College Library 2025